Essential lease expiry tips (Record no. 84590)

MARC details
000 -LEADER
fixed length control field 00629cab a22001935a 4500
001 - CONTROL NUMBER
control field L158412
008 - FIXED-LENGTH DATA ELEMENTS--GENERAL INFORMATION
fixed length control field 150206e20150131xxk 000 0 eng d
035 ## - SYSTEM CONTROL NUMBER
System control number (Sirsi) u158412
041 0# - LANGUAGE CODE
Language code of text/sound track or separate title eng
100 1# - MAIN ENTRY--PERSONAL NAME
Personal name Gill, Suzanne
245 00 - TITLE STATEMENT
Title Essential lease expiry tips
260 ## - PUBLICATION, DISTRIBUTION, ETC.
Date of publication, distribution, etc. 2015
490 ## - SERIES STATEMENT
Series statement Estates Gazette
Volume/sequential designation (1504) 31 January 2015, 91(1)
520 ## - SUMMARY, ETC.
Summary, etc. Explores the issues arising from leasing trends revealed in the latest IPD Lease Events Review. Includes information about dilapidations, rent, double rent and VAT.
590 ## - LOCAL NOTE (RLIN)
Local note KA
651 #4 - SUBJECT ADDED ENTRY--GEOGRAPHIC NAME
Geographic name United Kingdom
690 ## - LOCAL SUBJECT ADDED ENTRY--TOPICAL TERM (OCLC, RLIN)
Topical term or geographic name as entry element Commercial property
9 (RLIN) 6227
942 ## - ADDED ENTRY ELEMENTS (KOHA)
Suppress in OPAC 0
Holdings
Withdrawn status Lost status Source of classification or shelving scheme Damaged status Not for loan Home library Current library Shelving location Date acquired Total Checkouts Full call number Barcode Date last seen Copy number Price effective from Koha item type
    Dewey Decimal Classification     London London Journal article 06/02/2015   L158411 158412-1001 06/08/2019 1 06/08/2019 Journal article